[Event "BUL-chT GpB 63rd"]
[Site "Sunny Beach"]
[Date "2013.09.22"]
[Round "5.1"]
[White "Galunov, Todor"]
[Black "Chakov, Plamen"]
[Result "1-0"]
[WhiteElo "2345"]
[BlackElo "2331"]
[PlyCount "81"]
[EventDate "2013.09.19"]
[EventType "team-tourn"]
[EventRounds "9"]
[EventCountry "BUL"]
[SourceTitle "CBM 156 Extra"]
[Source "ChessBase"]
[SourceDate "2013.10.22"]
[SourceVersion "1"]
[SourceVersionDate "2013.10.22"]
[SourceQuality "1"]
[WhiteTeam "Blagoevgrad Victory"]
[BlackTeam "Silistra"]
[WhiteTeamCountry "BUL"]
[BlackTeamCountry "BUL"]

1. Nf3 d6 2. g3 g6 3. Bg2 Bg7 4. c4 Nc6 5. Nc3 e5 6. d3 f5 7. 0-0 Nf6 8. Rb1 h6 9. b4 Be6 10. b5 Ne7 11. Nd2 d5 12. Ba3 Rb8 13. Qa4 Kf7 14. Bxe7 Kxe7 15. Qxa7 d4 16. Nd5+ Nxd5 17. cxd5 Bxd5 18. Qc5+ Ke6 19. Bxd5+ Qxd5 20. Qxc7 Bf6 21. Nc4 h5 22. Nb6 Qd6 23. Qc4+ Ke7 24. Nd5+ Kf7 25. Rfc1 Bd8 26. Nc7+ Kg7 27. b6 h4 28. Qe6 Be7 29. Qxd6 Bxd6 30. Nb5 Be7 31. a4 Kf7 32. a5 Ke6 33. Na7 hxg3 34. hxg3 Bd6 35. Kg2 g5 36. f3 g4 37. fxg4 fxg4 38. a6 bxa6 39. b7 Rh7 40. Nc6 Rbxb7 41. Nd8+ 1-0

[Event "BUL-ch"]
[Site "Sofia"]
[Date "1996.??.??"]
[Round "1"]
[White "Chakov, Plamen"]
[Black "Kurtenkov, Atanas"]
[Result "0-1"]
[WhiteElo "2360"]
[BlackElo "2415"]
[PlyCount "56"]
[EventDate "1996.??.??"]
[EventType "k.o."]
[EventRounds "5"]
[EventCountry "BUL"]
[SourceTitle "EXT 1999"]
[Source "ChessBase"]
[SourceDate "1998.11.16"]
[SourceVersion "1"]
[SourceVersionDate "1998.11.16"]
[SourceQuality "1"]

1. d4 e6 2. Nf3 c5 3. Bg5 Qb6 4. e3 d5 5. Nbd2 Nc6 6. c4 h6 7. Bh4 cxd4 8. cxd5 dxe3 9. dxc6 exd2+ 10. Nxd2 bxc6 11. a3 Ba6 12. Bc4 Ne7 13. Qe2 Bb5 14. Qg4 Rd8 15. Bxb5 Qxb5 16. 0-0-0 f5 17. Qh3 g5 18. Bxg5 Bg7 19. Qh5+ Kf8 20. Bxe7+ Kxe7 21. Qh4+ Bf6 22. Qb4+ Qxb4 23. axb4 Rd4 24. Kc2 Rxb4 25. b3 a5 26. Rb1 Rhb8 27. Rhc1 Rd8 28. Re1 Rd5 0-1

[Event "BUL-chT"]
[Site "Varna"]
[Date "1995.??.??"]
[Round "5"]
[White "Chakov, Plamen"]
[Black "Georgiev, Kiril"]
[Result "1/2-1/2"]
[WhiteElo "2355"]
[BlackElo "2625"]
[PlyCount "83"]
[EventDate "1995.??.??"]
[EventType "team-tourn"]
[EventRounds "7"]
[EventCountry "BUL"]
[SourceTitle "EXT 2002"]
[Source "ChessBase"]
[SourceDate "2001.11.25"]
[SourceVersion "1"]
[SourceVersionDate "2001.11.25"]
[SourceQuality "1"]

1. d4 Nf6 2. Bg5 Ne4 3. Bf4 c5 4. f3 Qa5+ 5. c3 Nf6 6. Nd2 cxd4 7. Nb3 Qb6 8. Qxd4 Nc6 9. Qxb6 axb6 10. Nd4 e5 11. Nxc6 exf4 12. Nd4 d5 13. Kf2 Bc5 14. e3 fxe3+ 15. Kxe3 Bd7 16. Bd3 b5 17. Nge2 b4 18. cxb4 Bxb4 19. Rhc1 0-0 20. Rc7 Rfe8+ 21. Kf2 Rab8 22. Rd1 Ba5 23. Rc2 Bb6 24. Kf1 Ra8 25. a3 Red8 26. Bb5 Bc8 27. Nc3 h5 28. Na4 Ba7 29. Nc5 g6 30. a4 Ne8 31. b3 Nd6 32. Be2 Re8 33. Rc3 Bb8 34. g3 Bh3+ 35. Kf2 b6 36. Nd3 Nf5 37. Nxf5 Bxf5 38. Nb4 Be5 39. Rcc1 d4 40. Nc6 Rac8 41. Rc4 Bf6 42. Nxd4 1/2-1/2

[Event "BUL-chT"]
[Site "Varna"]
[Date "1995.??.??"]
[Round "6"]
[White "Chakov, Plamen"]
[Black "Todorov, Todor"]
[Result "1-0"]
[WhiteElo "2355"]
[BlackElo "2315"]
[PlyCount "51"]
[EventDate "1995.??.??"]
[EventType "team-tourn"]
[EventRounds "7"]
[EventCountry "BUL"]
[SourceTitle "EXT 2002"]
[Source "ChessBase"]
[SourceDate "2001.11.25"]
[SourceVersion "1"]
[SourceVersionDate "2001.11.25"]
[SourceQuality "1"]

1. d4 Nf6 2. Bg5 c5 3. d5 Qb6 4. Nc3 Qxb2 5. Bd2 Qb6 6. e4 d6 7. f4 e6 8. Rb1 Qc7 9. dxe6 fxe6 10. Nf3 a6 11. e5 dxe5 12. fxe5 Nfd7 13. Be2 Be7 14. 0-0 0-0 15. Bg5 Bxg5 16. Nxg5 Qxe5 17. Nce4 Nc6 18. Bd3 Rxf1+ 19. Qxf1 Nf6 20. Qf3 h6 21. Qh3 Nxe4 22. Nxe4 c4 23. Bxc4 Qxe4 24. Bd3 Qd4+ 25. Kh1 e5 26. Qh5 1-0

[Event "Baharov Memorial op"]
[Site "Sofia"]
[Date "1995.??.??"]
[Round "1"]
[White "Kosachki, Vasil Videnov"]
[Black "Chakov, Plamen"]
[Result "0-1"]
[WhiteElo "1743"]
[BlackElo "2355"]
[PlyCount "72"]
[EventDate "1995.12.??"]
[EventType "swiss"]
[EventRounds "9"]
[EventCountry "BUL"]
[SourceTitle "EXT 2002"]
[Source "ChessBase"]
[SourceDate "2001.11.25"]
[SourceVersion "1"]
[SourceVersionDate "2001.11.25"]
[SourceQuality "1"]

1. Nf3 g6 2. d4 Nf6 3. c4 Bg7 4. g3 0-0 5. Bg2 d6 6. 0-0 Nc6 7. b3 a6 8. Nc3 Bf5 9. Re1 Ne4 10. Bb2 Nxc3 11. Bxc3 Be4 12. Ng5 Bxg2 13. Kxg2 e5 14. Nf3 e4 15. Ng1 d5 16. e3 a5 17. Qe2 Nb4 18. Bxb4 axb4 19. cxd5 Qxd5 20. Rec1 c6 21. h4 Ra5 22. Qc4 Qxc4 23. Rxc4 Rfa8 24. Rc2 Ra3 25. Rb2 c5 26. Ne2 h6 27. Kf1 b6 28. Rc2 Rxb3 29. dxc5 bxc5 30. Rxc5 Rb2 31. Nd4 b3 32. a4 Bxd4 33. exd4 Ra2 34. Rb1 R8xa4 35. Rxb3 Rxd4 36. Re3 Rdd2 0-1

[Event "Elenite op"]
[Site "Elenite"]
[Date "1993.??.??"]
[Round "8"]
[White "Inkiov, Ventzislav"]
[Black "Chakov, Plamen"]
[Result "1-0"]
[WhiteElo "2470"]
[BlackElo "2330"]
[PlyCount "73"]
[EventDate "1993.??.??"]
[EventType "swiss"]
[EventRounds "9"]
[EventCountry "BUL"]
[SourceTitle "EXT 1998"]
[Source "ChessBase"]
[SourceDate "1997.11.17"]
[SourceVersion "1"]
[SourceVersionDate "1997.11.17"]
[SourceQuality "1"]

1. e4 d6 2. d4 Nf6 3. Nc3 g6 4. Be3 c6 5. Qd2 b5 6. f3 Nbd7 7. g4 Nb6 8. g5 Nfd7 9. h4 b4 10. Nd1 e5 11. h5 Be7 12. f4 exf4 13. Bxf4 Nf8 14. Nf2 Ne6 15. Nf3 d5 16. Bd3 Rf8 17. 0-0-0 Nc4 18. Bxc4 dxc4 19. Qe3 Qa5 20. Kb1 c3 21. Nd3 cxb2 22. Nfe5 Nxf4 23. Nxf4 Qc7 24. hxg6 hxg6 25. Rh7 Bxg5 26. Nexg6 Rg8 27. Ne5 Bxf4 28. Qxf4 Be6 29. Qf6 Qd8 30. Rxf7 Qxf6 31. Rxf6 Ke7 32. Rh6 Rac8 33. Kxb2 a5 34. Rh7+ Kd6 35. Nd3 Rcf8 36. Ra7 Rh8 37. e5+ 1-0

[Event "BUL-chT"]
[Site "Bankia"]
[Date "1992.??.??"]
[Round "4"]
[White "Kuzev, Jordan"]
[Black "Chakov, Plamen"]
[Result "0-1"]
[WhiteElo "2310"]
[BlackElo "2365"]
[PlyCount "102"]
[EventDate "1992.??.??"]
[EventType "team-tourn"]
[EventRounds "11"]
[EventCountry "BUL"]
[SourceTitle "EXT 1998"]
[Source "ChessBase"]
[SourceDate "1997.11.17"]
[SourceVersion "1"]
[SourceVersionDate "1997.11.17"]
[SourceQuality "1"]

1. e4 c5 2. Nc3 Nc6 3. f4 d6 4. Nf3 a6 5. g3 b5 6. Bg2 Bb7 7. 0-0 g6 8. d4 cxd4 9. Nxd4 Bg7 10. Be3 Na5 11. Rb1 Qc8 12. Nd5 Nc4 13. Bf2 e6 14. Ne3 Nxe3 15. Bxe3 Nf6 16. Qd3 0-0 17. h3 Rd8 18. Nb3 Qc7 19. Rbd1 Rac8 20. c3 Ba8 21. g4 Qc4 22. Bb6 Rd7 23. Rfe1 e5 24. g5 Nh5 25. Qxc4 bxc4 26. Nc5 Re7 27. Rxd6 exf4 28. Red1 Ng3 29. Rd8+ Re8 30. Nxa6 Bxe4 31. Bxe4 Nxe4 32. Rxc8 Rxc8 33. Rd8+ Rxd8 34. Bxd8 f3 35. h4 Be5 36. Bc7 f6 37. Bxe5 fxe5 38. Nc7 Nc5 39. Nd5 Kf7 40. Ne3 Ke6 41. Nxc4 Kd5 42. b3 Ke4 43. Kf1 Kf4 44. b4 Na4 45. b5 e4 46. b6 Nc5 47. Kf2 e3+ 48. Nxe3 Ne4+ 49. Kg1 Kxe3 50. b7 f2+ 51. Kg2 Nd2 0-1

[Event "BUL-chT"]
[Site "Bankia"]
[Date "1992.??.??"]
[Round "1"]
[White "Nikolov, Stefan"]
[Black "Chakov, Plamen"]
[Result "1-0"]
[WhiteElo "2210"]
[BlackElo "2365"]
[PlyCount "53"]
[EventDate "1992.??.??"]
[EventType "team-tourn"]
[EventRounds "11"]
[EventCountry "BUL"]
[SourceTitle "EXT 1998"]
[Source "ChessBase"]
[SourceDate "1997.11.17"]
[SourceVersion "1"]
[SourceVersionDate "1997.11.17"]
[SourceQuality "1"]

1. e4 d6 2. d4 Nf6 3. f3 g6 4. c4 Bg7 5. Nc3 0-0 6. Bg5 c5 7. d5 e6 8. Nge2 exd5 9. cxd5 a6 10. a4 Nbd7 11. Ng3 h6 12. Be3 Ne5 13. Be2 h5 14. 0-0 Nh7 15. Qd2 f5 16. exf5 Bxf5 17. Nxf5 gxf5 18. Bh6 Qf6 19. Bxg7 Qxg7 20. f4 Ng4 21. h3 Ngf6 22. Bd3 Ne8 23. Rae1 Qf7 24. Re6 Ng7 25. Rxd6 Nf6 26. Bc4 Qc7 27. Rxf6 1-0

[Event "BUL-chT"]
[Site "Bankia"]
[Date "1991.??.??"]
[Round "2"]
[White "Chakov, Plamen"]
[Black "Georgiev, Kiril"]
[Result "0-1"]
[WhiteElo "2370"]
[BlackElo "2585"]
[PlyCount "148"]
[EventDate "1991.??.??"]
[EventType "team-tourn"]
[EventRounds "8"]
[EventCountry "BUL"]
[SourceTitle "EXT 1998"]
[Source "ChessBase"]
[SourceDate "1997.11.17"]
[SourceVersion "1"]
[SourceVersionDate "1997.11.17"]
[SourceQuality "1"]

1. d4 Nf6 2. Nf3 e6 3. e3 c5 4. Bd3 b6 5. b3 Bb7 6. Bb2 Be7 7. 0-0 0-0 8. Nbd2 Nc6 9. c4 cxd4 10. Nxd4 Ne5 11. Bc2 Qc7 12. f4 Nc6 13. Qe1 d5 14. Qg3 Nxd4 15. Bxd4 dxc4 16. bxc4 g6 17. Be5 Qc6 18. Rf2 Nh5 19. Qh3 Rad8 20. Bd1 Ng7 21. Rc1 f6 22. Bb2 Nf5 23. Nb3 Rd3 24. Nd4 Qd7 25. Bc2 Rxe3 26. Bxf5 Rxh3 27. Bxe6+ Qxe6 28. Nxe6 Rd3 29. Nxf8 Bc5 30. Bxf6 Rd2 31. Bh4 Kxf8 32. a3 Ba6 33. Kf1 Bxf2 34. Bxf2 Ra2 35. Rc3 b5 36. Bxa7 bxc4 37. Bf2 h5 38. Ke1 Kf7 39. g3 Ke6 40. h4 Kf5 41. Be3 Kg4 42. Bd2 Bb5 43. Ke2 Ba4 44. Ke3 Bb3 45. Be1 Rxa3 46. Kd4 Ra1 47. Re3 Rd1+ 48. Kc3 Rd6 49. Kb4 Rc6 50. Kc3 Ba2 51. Kb2 Bb3 52. Re5 Bd1 53. Rg5+ Kh3 54. f5 gxf5 55. Rxf5 Re6 56. Bf2 Bg4 57. Rf8 Kg2 58. Kc3 Re4 59. Bd4 Kxg3 60. Kxc4 Kxh4 61. Kd3 Re6 62. Rf6 Re8 63. Rh6 Bf5+ 64. Kd2 Kg4 65. Bf6 Re6 66. Bg7 Bg6 67. Bd4 h4 68. Be3 h3 69. Ba7 Ra6 70. Ke3 Ra3+ 71. Kf2 Ra2+ 72. Ke1 h2 73. Rxg6+ Kh5 74. Rg1 Rxa7 0-1

[Event "Teteven op"]
[Site "Teteven"]
[Date "1991.??.??"]
[Round "7"]
[White "Petkov, Vladimir"]
[Black "Chakov, Plamen"]
[Result "1-0"]
[WhiteElo "2295"]
[BlackElo "2225"]
[PlyCount "97"]
[EventDate "1991.??.??"]
[EventType "swiss"]
[EventRounds "11"]
[EventCountry "BUL"]
[SourceTitle "EXT 1997"]
[Source "ChessBase"]
[SourceDate "1996.11.15"]
[SourceVersion "1"]
[SourceVersionDate "1996.11.15"]
[SourceQuality "1"]

1. d4 Nf6 2. c4 g6 3. Nc3 Bg7 4. e4 d6 5. Nf3 0-0 6. Be2 e5 7. Be3 c6 8. 0-0 exd4 9. Nxd4 Re8 10. Qc2 Qe7 11. f3 d5 12. cxd5 cxd5 13. Bb5 Bd7 14. Bf2 dxe4 15. Rfe1 a6 16. Bxd7 Nbxd7 17. Nxe4 Nxe4 18. Rxe4 Qd6 19. Rd1 Rxe4 20. fxe4 Qf6 21. Qc7 Ne5 22. Bg3 Qg5 23. Nc2 Nc6 24. Qxb7 Rd8 25. Rxd8+ Nxd8 26. Qd5 Qc1+ 27. Ne1 Bf6 28. b3 Ne6 29. Kf1 Qa3 30. Qd2 Qc5 31. Nf3 Qc6 32. Qd5 Qc8 33. Bf2 Qc1+ 34. Be1 Kg7 35. a4 Nc5 36. e5 Be7 37. b4 Ne6 38. b5 Nf4 39. Qd4 Bc5 40. Qc3 Qd1 41. e6+ Kh6 42. Qc4 Nxe6 43. bxa6 Ba7 44. Ne5 Nd4 45. Nxf7+ Kg7 46. Ne5 Nc2 47. Qf7+ Kh6 48. Qf8+ Kg5 49. h4+ 1-0